Detalles MARC
| 000 -Líder |
| Campo de control de longitud fija |
01562nam a2200289 i 4500 |
| 001 - Número de control |
| Número de control |
000813718 |
| 005 - Fecha y Hora de Actualización |
| Campo de control |
20251024083032.0 |
| 008 - Longitud Fija |
| Campo de control de longitud fija |
140902s1986 be a frb 001 0 spa d |
| 040 ## - Fuente de Catalogación |
| Centro catalogador/agencia de origen |
CO-BoUNC |
| Idiona de catalogación |
Español |
| Norma de descripción |
rda |
| 100 ## - Autor Personal |
| Nombre de persona |
Thienpont, D. |
| Término indicativo de función/relación |
Autor |
| 9 (RLIN) |
826 |
| 245 10 - Título Propiamente Dicho |
| Título |
Diagnóstico de las helmintiasis por medio del examen coprológico / |
| Mención de responsabilidad, etc. |
D. Thienpont, F. Rochette, O.F.J. Vanparijs. |
| 250 ## - Edición |
| Mención de edición |
Segunda edición |
| 264 #1 - Pie de Imprenta |
| Producción, publicación, distribución, fabricación y copyright |
Beerse, Bélgica : |
| Nombre del de productor, editor, distribuidor, fabricante |
Janssen Research Foundation ; |
| Fecha de producción, publicación, distribución, fabricación o copyright |
1986. |
| 300 ## - Descripción Física |
| Extensión |
203 páginas : |
| Ilustraciones |
ilustraciones, gráficos, tablas, fotografías. |
| Dimensiones |
25 cm. |
| 336 ## - Tipo de Contenido |
| Término de tipo de contenido |
texto |
| Código de tipo de contenido |
texto |
| Fuente |
rda contenido |
| 337 ## - Tipo de Mediación |
| Nombre/término del tipo de medio |
sin mediación |
| Código del tipo de medio |
no mediado |
| Fuente |
rda medio |
| 338 ## - Tipo de Portador |
| Nombre/término del tipo de soporte |
volumen |
| Código del tipo de soporte |
volumen |
| Fuente |
rda soporte |
| 504 ## - Nota de Bibliografía |
| Nota de bibliografía |
Incluye referencias bibliográficas e índice. |
| 505 ## - Nota de Contenido |
| Nota de Bibliografía |
Contenido. -- Introducción. -- Listas de los helmintos patógenos. -- Exámenes coprológicos. -- ¿Qué revela un examen coprológico? -- Recolección de muestras de heces. -- Examen macroscópico. -- Examen microscópico. -- Reglas básicas a tener en cuenta. -- Huevos de los helmintos. -- Bovinos y ovinos. -- Equinos. -- Cerdos. -- Perros y gatos. -- Aves. -- Roedores. -- Hombres. -- Equipamiento de laboratorio. --Material. -- Pruebas y fórmulas. -- Índice. -- Bibliografía. |
| 700 ## - Coautor personal |
| Nombre de persona |
Rochette, F. |
| Término indicativo de función/relación |
Autor |
| 9 (RLIN) |
827 |
| 700 ## - Coautor personal |
| Nombre de persona |
Vanparijs, O.F.J. |
| Término indicativo de función/relación |
Autor |
| 9 (RLIN) |
828 |
| 082 04 - Clasificación Decimal Dewey |
| Número de clasificación |
636.0896 |
| Clave de autor |
T434d |
| 650 10 - Materia General |
| Topical term or geographic name entry element |
Parasitología veterinaria |
| Fuente del encabezamiento o término |
LEMB |
| 9 (RLIN) |
829 |
| 650 10 - Materia General |
| Topical term or geographic name entry element |
Helmintiasis animal |
| Fuente del encabezamiento o término |
LEMB |
| 9 (RLIN) |
830 |
| 650 10 - Materia General |
| Topical term or geographic name entry element |
Diagnóstico parasitológico veterinario |
| Fuente del encabezamiento o término |
LEMB |
| 9 (RLIN) |
831 |
| 942 ## - Punto de Acceso Adicional Koha |
| Tipo de ítem Koha |
Libro general |
| Suprimir en OPAC |
No |